00986 a2200193 45000010006000000050017000060080041000230030015000640400040000790800122001192450076002410200018003172640030003353000019003655050266003841000023006507000020006738560099006934704920260407155739.0260407a1999 arg spa dAR-UNSa-BCEJYS aAR-UNSa-BCEJYSbspacAR-UNSa-BCEJYS a101.1xNaturaleza de la filosofía. La filosofía como ciencia. La filosofía como arte (pensamiento filosófico)10aImposibilidadpLos límites de la ciencia y la ciencia de los límtes a84-7432-693-1 1aBarcelona :bGedisac1999 a377 p.c23 cm. a1. El arte de lo imposible - 2. La esperanza de progreso - 3. Retorno al futuro - 4. La condición humana - 5. Límites tecnológicos - 6. Límites cosmológicos - 7. Límites profundos - 8. La imposibilidad y nosotros - 9. Imposibilidad : un inventario. 1 aReta, Carlos de la1 aBarrow, John D.41uhttps://www.biblioeco.unsa.edu.ar/pmb/images/libros/L127381.jpgyImagen de portadaqimage/jpeg